000 00429nam a2200157Ia 4500
008 210716s1993 xx 000 0 und d
020 _a0030965853
041 _aeng
082 _a338.04 ECKL
100 _aEckert, Lee A: Ryan, J D; Ray, Robert J.
245 _aSmall business: an entrepreneur's plan.
250 _a3
260 _aNew York
_bThe dryden press
_c1993
300 _axvi,388,SG-89
650 _aGeneral Knowledge
999 _c201353
_d201353